| 000 | 00535nam a2200169 i 4500 | ||
|---|---|---|---|
| 001 | 60831 | ||
| 003 | ES-MaACL | ||
| 005 | 20230906164320.0 | ||
| 007 | t| | ||
| 008 | 031107s1964 sp ||||1| spa d | ||
| 100 | 1 |
_aEstrade Rodoreda, Sebastián. _948243 |
|
| 245 | 1 | 3 |
_aEl derecho ante la conquista del espacio / _cSebastián Estrade Rododera ; prólogo de Aldo Armando Cocca. |
| 260 |
_aBarcelona : _bAriel, _c[1964] |
||
| 300 |
_a171 p. ; _c23 cm. |
||
| 700 | 1 |
_aCocca, Aldo Armando. _939385 |
|
| 852 |
_aES-MaACL _jC-25987 _bR.54625 |
||
| 999 |
_c60831 _d60831 |
||